000 00589cam a22002172a 4500
001 023635
003 AR-FADEU
008 311216n1961####xxu####################dd
092 _a330
_bS193-9
_eBDT
100 _aSamuelson, Paul A.
245 _aCurso de economía moderna : una descripción análitica de la realidad moderna
250 _a9a. ed
260 _aMadrid
260 _bAguilar
260 _c1961
300 _a883 p
440 _aBiblioteca de ciencias sociales, economía
500 _aTraducción: José Luis Sampedro
650 _aECONOMIA/BDT/
942 _cBDT
999 _c29325
_d29325